00970cam a22002898i 450000100090000000300050000900500170001400800410003101000170007202000180008902000180010704000280012504200080015305000250016108200140018610000190020024501600021925000170037926000300039630000290042650000530045565000380050865000370054665000410058365000310062470000250065518010298SISC20170119154551.0140116s2015 mau b 001 0 eng  a 2014001795 a9780133127409 a9781292060088 aDLCbengcDLCerdadDLC apcc00aHD 30.28b.B368 201500a658.4/0121 aBarney, Jay B.10aStrategic management and competitive advantage :bconcepts and cases /cJay B. Barney, The University of Utah, William S. Hesterly, The University of Utah. a5th edition. aBoston :bPearson,c2015. axxi, 373 pages ;c27 cm. aIncludes bibliographical references and indexes. 0aStrategic planningvCase studies. 0aBusiness planningvCase studies. 0aIndustrial managementvCase studies. 0aCompetitionvCase studies.1 aHesterly, William S.